00299nam a2200121Ia 4500008004100000041001200041082001100053100002000064245006600084260000600150650000600156700001500162221030s9999 xx 000 0 und d aEnglish a105.23 aS. B. Junnarkar 0aElements of Applied Mechanicscby S. B. Junnarkar, H. J. Shah c0 aB aH. J. Shah